| 000 -ლიდერი |
| ფიქსირებული სიგრძის საკონტროლო ველი |
00467nam a22001577a 4500 |
| 003 - საკონტროლო ნომრის იდენტიფიკატორი |
| საკონტროლო ველი |
Ge_BSU |
| 005 - ბოლო ოპერაციის თარიღი და დრო |
| საკონტროლო ველი |
20250919150225.0 |
| 008 - ფიქსირებული სიგრძის მონაცემთა ელემენტები - ზოგადი ინფორმაცია |
| ფიქსირებული სიგრძის საკონტროლო ველი |
250919s2006 gw ||||| |||| 00| 0 goh d |
| 020 ## - წიგნის საერთაშორისო სტანდარტული ნომერი |
| International Standard Book Number |
9783411055647x |
| 041 ## - ენის კოდი |
| Language code of text/sound track or separate title |
goh |
| 080 ## - უნივერსალური ათობითი კლასიფიკაციის ინდექსი |
| Universal Decimal Classification number |
811.112.1 D-84 |
| 245 ## - ცნობა სათაურის შესახებ |
| Title |
Duden Briefe gut und richtig schreiben / |
| Remainder of title |
Ratgeber für richtiges und modernes Schreiben. |
| 264 ## - წარმოების, გამოცემის, დისტრიბუციის და სხვა ცნობები |
| გამოცემის, წარმოების, დისტრიბუციის... ადგილი |
Mannheim : |
| გამოცემის, წარმოების, დისტრიბუციის... სახელწოდება |
Dudenwerlag, |
| გამოცემის, წარმოების, დისტრიბუციის... თარიღი |
2006. |
| 300 ## - ფიზიკური აღწერა |
| Extent |
960 p. ; |
| Other physical details |
23 cm. |
| 942 ## - ADDED ENTRY ELEMENTS (KOHA) |
| Source of classification or shelving scheme |
|
| Koha item type |
წიგნი |